Batman Artists by Picture - Statistics

General Stats
  • This quiz has been taken 7 times
  • The average score is 7 of 16
Answer Stats
Picture Answer % Correct
Bob Kane
57%
Carmine Infantino
57%
Frank Miller
57%
Jim Lee
57%
Neal Adams
57%
David Mazzuchelli
43%
Dick Sprang
43%
George Perez
43%
Jim Aparo
43%
Norm Breyfogle
43%
Dick Giordano
29%
Don Newton
29%
Garcia Lopez
29%
Jim Starlin
29%
Marshall Rogers
29%
Mike Grell
29%
No matching quizzes found
Score Distribution
Percent of People with Each Score
Percentile by Number Answered
Your Score History
You have not taken this quiz